Statystyki dla Stolice Europy

Kliknij tutaj aby rozwiązać quiz!

Ogólne statystyki

  • Ten quiz został rozwiązany 720 477 razy
  • Średni wynik to 31 z 45

Statystyki odpowiedzi

KrajMiasto% Poprawnych
PolskaWarszawa
95%
FrancjaParyż
93%
NiemcyBerlin
91%
HiszpaniaMadryt
90%
RosjaMoskwa
90%
CzechyPraga
89%
GrecjaAteny
86%
UkrainaKijów
86%
Wielka BrytaniaLondyn
86%
WłochyRzym
85%
WatykanWatykan
82%
AustriaWiedeń
82%
NorwegiaOslo
81%
HolandiaAmsterdam
79%
BiałoruśMińsk
79%
San MarinoSan Marino
79%
BelgiaBruksela
78%
PortugaliaLizbona
78%
DaniaKopenhaga
77%
LuksemburgLuksemburg
77%
MonakoMonako
77%
AndoraAndora
75%
IrlandiaDublin
72%
FinlandiaHelsinki
72%
LitwaWilno
71%
ChorwacjaZagrzeb
71%
WęgryBudapeszt
69%
BułgariaSofia
68%
SzwecjaSztokholm
66%
RumuniaBukareszt
64%
ŁotwaRyga
64%
SłowacjaBratysława
62%
EstoniaTallinn
59%
AlbaniaTirana
56%
Bośnia i HercegowinaSarajewo
54%
SzwajcariaBerno
53%
IslandiaReykjavík
51%
SerbiaBelgrad
44%
LiechtensteinVaduz
43%
MaltaValletta
43%
CzarnogóraPodgorica
41%
MołdawiaKiszyniów
39%
SłoweniaLublana
39%
Macedonia PółnocnaSkopje
37%
KosowoPrisztina
35%

Rozkład punktacji

Percentyl według liczby udzielonych odpowiedzi

Procent ludzi z każdym wynikiem

Twoja historia wyników

Nie rozwiązałeś tego quizu